<?xml version="1.0" encoding="UTF-8"?>
<record
    xmlns:xsi="http://www.w3.org/2001/XMLSchema-instance"
    xsi:schemaLocation="http://www.loc.gov/MARC21/slim http://www.loc.gov/standards/marcxml/schema/MARC21slim.xsd"
    xmlns="http://www.loc.gov/MARC21/slim">

  <leader>01393Cam#a2200277#a#4500</leader>
  <controlfield tag="005">20240628093311.0</controlfield>
  <controlfield tag="008">100915s1998||||ag o   |||||||||||||spa d</controlfield>
  <datafield tag="020" ind1=" " ind2=" ">
    <subfield code="a">9509859281</subfield>
  </datafield>
  <datafield tag="041" ind1=" " ind2=" ">
    <subfield code="a">spa</subfield>
  </datafield>
  <datafield tag="092" ind1=" " ind2=" ">
    <subfield code="c">378.09</subfield>
    <subfield code="l">88</subfield>
    <subfield code="s">UNC</subfield>
  </datafield>
  <datafield tag="110" ind1="1" ind2=" ">
    <subfield code="a">Universidad Nacional del Comahue.</subfield>
    <subfield code="9">2678</subfield>
  </datafield>
  <datafield tag="245" ind1=" " ind2=" ">
    <subfield code="a">Universidad Nacional del Comahue 1972-1997.</subfield>
    <subfield code="b">Una historia de 25 a&#xF1;os / </subfield>
    <subfield code="c">Susana Bandieri</subfield>
  </datafield>
  <datafield tag="250" ind1=" " ind2=" ">
    <subfield code="a">1a ed.</subfield>
  </datafield>
  <datafield tag="260" ind1=" " ind2=" ">
    <subfield code="a">Neuqu&#xE9;n [Argentina]:</subfield>
    <subfield code="b">EDUCO ; REUN;</subfield>
    <subfield code="c">1998.</subfield>
  </datafield>
  <datafield tag="300" ind1=" " ind2=" ">
    <subfield code="a">298 p.</subfield>
  </datafield>
  <datafield tag="500" ind1=" " ind2=" ">
    <subfield code="a">Bandieri, S. et al. (1998). Universidad Nacional del Comahue 1972-1997. Una historia de 25 a&#xF1;os. (1a ed.). Neuqu&#xE9;n: EDUCO ; REUN.</subfield>
  </datafield>
  <datafield tag="653" ind1=" " ind2="4">
    <subfield code="a">Los antecedentes de la Universidad Nacional del Comahue: entre proyectos y concreciones</subfield>
  </datafield>
  <datafield tag="653" ind1=" " ind2="3">
    <subfield code="a">La Universidad Nacional del Comahue en los a&#xF1;os 70: de la rebeli&#xF3;n creativa a la reacci&#xF3;n autoritaria</subfield>
  </datafield>
  <datafield tag="653" ind1=" " ind2="3">
    <subfield code="a">La universidad en la recuperaci&#xF3;n de la democracia y la dificultosa reconstrucci&#xF3;n de su identidad</subfield>
  </datafield>
  <datafield tag="653" ind1=" " ind2="3">
    <subfield code="a">El fin del milenio y los desafios del siglo que comienza</subfield>
  </datafield>
  <datafield tag="653" ind1=" " ind2="3">
    <subfield code="a">Un cuarto de siglo de la vida universitaria: Facultades y Centros Regionales</subfield>
  </datafield>
  <datafield tag="653" ind1=" " ind2="3">
    <subfield code="a">La universidad y el medio: Museo de Paleontolog&#xED;a y Geolog&#xED;a Regional. Fundaci&#xF3;n de la Universidad Nacional del Comahue para el Desarrollo Regional</subfield>
  </datafield>
  <datafield tag="700" ind1="1" ind2=" ">
    <subfield code="a">Banderi, Susana</subfield>
    <subfield code="e">Coord.</subfield>
    <subfield code="9">3878</subfield>
  </datafield>
  <datafield tag="930" ind1=" " ind2=" ">
    <subfield code="a">512</subfield>
  </datafield>
  <datafield tag="942" ind1=" " ind2=" ">
    <subfield code="2">ddc</subfield>
    <subfield code="c">BK</subfield>
  </datafield>
  <datafield tag="999" ind1=" " ind2=" ">
    <subfield code="c">733</subfield>
    <subfield code="d">733</subfield>
  </datafield>
  <datafield tag="952" ind1=" " ind2=" ">
    <subfield code="0">0</subfield>
    <subfield code="1">0</subfield>
    <subfield code="4">0</subfield>
    <subfield code="7">0</subfield>
    <subfield code="a">BFM</subfield>
    <subfield code="b">BFM</subfield>
    <subfield code="c">CR</subfield>
    <subfield code="d">2011-05-13</subfield>
    <subfield code="l">1</subfield>
    <subfield code="m">2</subfield>
    <subfield code="o">378.09 88 UNC</subfield>
    <subfield code="p">512</subfield>
    <subfield code="r">2025-05-05</subfield>
    <subfield code="s">2025-02-13</subfield>
    <subfield code="t">ej.1</subfield>
    <subfield code="w">2011-05-13</subfield>
    <subfield code="y">BK</subfield>
  </datafield>
</record>
